00345nam a22001457a 4500003000400000005001700004008004100021020001400062040000700076082001700083100002000100245004600120260002500166300000800191OSt20211004143411.0211004b |||||||| |||| 00| 0 eng d a052107231 cHU a301.44.4/aff adavid lockwwood athe affuent worket in the class structure anew werkbhallc1969 a239